Стресът (Запис номер 4123)
[ съкратено ]
| 000 -Лидер | |
|---|---|
| Лидер | 02359nam a2200397 a 4500 |
| 003 - Код на организацията, давaща контролен номер | |
| Код на организацията, даваща контролен номер | BLK |
| 005 - Дата и час на последна редакция | |
| Дата и час на последна редакция | 20231124134304.0 |
| 008 - Елементи от данни с фиксирана дължина | |
| Елементи с фиксирана дължина | 180412b bul|||||r ||||||| ||bul|| |
| 040 ## - Източник на каталожния запис | |
| Код на библиотеката | BLK |
| 041 ## - Код за език | |
| Език | Български |
| Език за КДБФ | Български |
| 080 ## - УДК | |
| УДК текст | Индивидуална психология. Психология на личността. Индивидуалност. Психология на характера. Характерология. Психологическа типология |
| УДК код | 159.923 |
| УДК – определител | (035) |
| УДК – код + определител | 159.923(035) |
| 080 ## - УДК | |
| УДК текст | Психофизиология. Висша нервна дейност - Време на психична реакция;внимание, асоциация, памет, фантазия ; инстинкт, възбудимост и усещане (в психологичен смисъл), стрес; воля, съзнателно координиране и |
| УДК код | 612.821 |
| УДК – определител | (035) |
| УДК – код + определител | 612.821(035) |
| 080 ## - УДК | |
| УДК текст | Психично и нравствено здраве и хигиена на умствения труд - Норми на поведение; воля, морал, емоции - страх, гняв, агресивност от хигиенна гледна точка. Умствена преумора |
| УДК код | 613.86 |
| УДК – определител | (035) |
| УДК – код + определител | 613.86(035) |
| 100 1# - Редна дума - Автор | |
| Автор | Люис, Дейвид |
| R(LIN) | 248268 |
| 245 10 - Сведения за заглавието | |
| Заглавие | Стресът |
| Авторска отговорност | Дейвид Люис ; прев. от англ. Рада Цанева. |
| 257 ## - Страна на издаване | |
| Страна на създаване/издаване | Съединени американски щати |
| 260 ## - Област на издателските данни | |
| Място на издаване | София |
| Име на издателя | Прозорец |
| Година на издаване | 1994 |
| 300 ## - Физическа характеристика | |
| Брой страници | 192 с. |
| Размер | 20 см |
| 380 ## - Жанр | |
| Жанр | Философия |
| 490 ## - СЕРИИ (Колекции) | |
| Серия | Домашен лекар |
| 500 ## - Общи забележки | |
| Обща забележка | Ориг. загл. One-minute stress management |
| 650 #4 - Допълнително описание по предмет – тема | |
| Предметна рубрика | Стрес, психически - профилактика и лечение |
| 9 (RLIN) | 242747 |
| 650 #4 - Допълнително описание по предмет – тема | |
| Предметна рубрика | Психохигиена - наръчници и ръководства |
| 9 (RLIN) | 168433 |
| 650 #4 - Допълнително описание по предмет – тема | |
| Предметна рубрика | Автотренинг - наръчници и ръководства |
| 9 (RLIN) | 248270 |
| 653 ## - Ключова дума – ненормативна | |
| Ключови думи | стрес |
| 653 ## - Ключова дума – ненормативна | |
| Ключови думи | автотренинг |
| 700 1# - Други автори (авторска отговорност) | |
| Друг автор | Цанева, Рада |
| Авт. отговорност на др. автор | прев. от англ. |
| 9 (RLIN) | 248269 |
| 852 ## - Местоположение | |
| Сигнатура (форматна) | Цб 179800 |
| Отдел | Хранилище |
| 856 4# - Електронен адрес и достъп | |
| Електронен формат | pdf - файл |
| Път до файла (ресурса) | |
| 856 4# - Електронен адрес и достъп | |
| Електронен формат | pdf - файл |
| Път до файла (ресурса) | |
| 942 ## - АРТИКУЛИ | |
| Вид на библиотечния документ | Книги |
| Скрит в OPAC | Не |
| Koha issues (borrowed), all copies | 6 |
| 944 ## - СЪЗДАВАНЕ И РЕДАКЦИЯ на ЗАПИСА | |
| Създаване/Редакция | Създаване |
| Дата на регистрацията/редакция | 15.01.2003 |
| Служител, извършил регистрацията/редакцията | 30576 |
| Номер на служител | Цветомила Тодорова |
| 944 ## - СЪЗДАВАНЕ И РЕДАКЦИЯ на ЗАПИСА | |
| Създаване/Редакция | Редакция |
| Дата на регистрацията/редакция | 29.11.2004 |
| 999 ## - СИСТЕМНИ КОНТРОЛНИ НОМЕРА | |
| Koha biblionumber | 4123 |
| Koha biblioitemnumber | 4123 |
| 999 ## - СИСТЕМНИ КОНТРОЛНИ НОМЕРА | |
| Koha biblioitemnumber | 4123 |
| Код за отписване | Код за изгубен артикул | Източник на класификационната схема | Код за повреда | Коз за рестрикции | Код за отдаване | Артикулен № | Име на библиотеката - собственик | Име на библиотеката, в която се намира в момента | Статус (Текущо местоположение) | Дата на вписване в системата | Местоположение - отдел | Цена в лева | Инвентарен номер | Систематично азбучна сигнатура | Баркод | Номер на екземпляра | Цена в евро | Служебна бележка | Служебен тип на артикула |
|---|---|---|---|---|---|---|---|---|---|---|---|---|---|---|---|---|---|---|---|
| Не е изгубен | Universal Decimal Classification | Не е повреден | без рестрикции | ползва се в читалня | 7393 | Регионална библиотека "Любен Каравелов" Русе | Регионална библиотека "Любен Каравелов" Русе | Хранилище | 2001-01-01 | Хранилище | 0.44 | 608458 | Цб 179800 | 120000608458 | 1 | 0.22 | Дост: Dp Вид: Д N: стар фонд Дата: 01.01.1994 Дата инв: 08.06.2015 Бележки инв: Цб2015 | Книги | |
| Не е изгубен | Universal Decimal Classification | Не е повреден | без рестрикции | заемане за дома | 7394 | Регионална библиотека "Любен Каравелов" Русе | Регионална библиотека "Любен Каравелов" Русе | Заемна - подръчен фонд | 2004-11-17 | Заемна - подръчен фонд | 4.90 | 120000690190 | 159.923/Л 95 Д | 120000690190 | 2 | 2.51 | Дост: DA Вид: А N: 27 Дата: 17.11.2004 Дата инв: 01.02.2018 Бележки инв: П2018 | Книги |